Principles Of Microeconomics / (Record no. 168067)

MARC details
000 -LEADER
fixed length control field 00719nam a22002057a 4500
005 - DATE AND TIME OF LATEST TRANSACTION
control field 20190925160613.0
010 ## - LCCN (DPL NO)
LC control number ENG-126556
020 ## - INTERNATIONAL STANDARD BOOK NUMBER
Terms of availability 675.00
International Standard Book Number 9789353439828
035 ## - SYSTEM CONTROL NUMBER
System control number EN-110088
037 ## - SOURCE OF ACQUISITION
Source of stock number/acquisition DBAD/PUB
082 ## - DEWEY DECIMAL CLASSIFICATION NUMBER
Classification number 338.5
Edition number 12th
100 ## - MAIN ENTRY--PERSONAL NAME
Personal name Case.Karl E.
245 ## - TITLE STATEMENT
Title Principles Of Microeconomics /
Statement of responsibility, etc By Karl E.Case...(etc...all)
260 ## - PUBLICATION, DISTRIBUTION, ETC. (IMPRINT)
Place of publication, distribution, etc Noida
Name of publisher, distributor, etc Pearson India education services pvt. ltd
Date of publication, distribution, etc 2017
270 ## - ADDRESS
City U.P
Address 15th floor,tower-b,world trade tower ,plot no. 1,bllock -c,sector 16 Noida
Postal code 201301
Electronic mail address companysecretary.india@pearson.com
Telephone number 04466540100
300 ## - PHYSICAL DESCRIPTION
Extent 525p.
Dimensions 27cm,(pbk)
700 ## - ADDED ENTRY--PERSONAL NAME
Personal name By Fair, Ray C.
700 ## - ADDED ENTRY--PERSONAL NAME
Personal name By Oster, Sharon E.
942 ## - ADDED ENTRY ELEMENTS (KOHA)
Source of classification or shelving scheme Dewey Decimal Classification
Item type English Books
Classification part 338.5
Call number suffix CAS
Holdings
Withdrawn status Lost status Not for loan Collection code Home library Current library Date acquired Source of acquisition Cost, normal purchase price Full call number Barcode Copy number Cost, replacement price Koha item type
      Non-fiction Shahdara Branch Shahdara Branch 25/09/2019 DBAD/PUB 675.00 338.5 CAS EN-110088 1 675.00 English Books

© Delhi Public Library
Hit Counter
free hit counter